| 000 | 00856nam a2200217Ia 4500 | ||
|---|---|---|---|
| 003 | IN-BaIIA | ||
| 008 | 211028s9999 xx 000 0 eng d | ||
| 020 | _a0-8194-6332-9 | ||
| 040 | _cIIA Library | ||
| 080 |
_a535(082.1) _bSPI-6267 |
||
| 245 | 0 |
_aGround-based and airborne telescopes _cedited by L. M. Stepp |
|
| 260 |
_aBellingham _bThe International Society for Optical Engineering _c2006 |
||
| 300 | _a[various pagings.] | ||
| 490 | _aSPIE proceedings series; v. 6267, pt. 1-2 | ||
| 650 |
_aAstronomical observatories - design and construction - congresses _930556 |
||
| 650 |
_aLarge astronomical telescopes - congresses _930557 |
||
| 650 |
_aSpace astronomy - congresses _930558 |
||
| 650 |
_aTelescopes - design and construciton - congresses _930559 |
||
| 700 |
_aStepp, L. M .,ed. _930560 |
||
| 942 | _cBK | ||
| 999 |
_c16466 _d16466 |
||